Statistics for State Sponsors of Terrorism

Click here to take the quiz!

General Stats

  • This quiz has been taken 175 times
  • The average score is 5 of 8

Answer Stats

YearsCurrent% Correct
1984-presentIran
95%
1979-1982, 1990-2004Iraq
93%
1979-presentSyria
85%
1988-2008, 2017-presentNorth Korea
75%
1979-2006Libya
64%
1993-2020Sudan
55%
1982-2015, 2021-presentCuba
54%
1979-1990South Yemen
8%

Score Distribution

Percentile by Number Answered

Percent of People with Each Score

Your Score History

You have not taken this quiz